000 00351nam a2200145 i 4500
001 bg
100 1 _aJaniczek, Roman.
245 0 _aMechanika teoretyczna.
_nCz. 3,
_pDynamika /
_cR. Janiczek.
250 _aWyd. 2 przer.
260 _aCzęstochowa,
_c1984.
040 _cBPK
041 _apol
942 _cKS
008 s pl f |000 0 pol
999 _c961
_d961
856 _uhttp://koha.tu.koszalin.pl/cgi-bin/koha/opac-detail.pl?biblionumber=961
_yKatalog online BPK